Documentación
Contenido: Escalante, RobertoEl Mercado de tierras en mejico: el caso de la propiedad social, los ejidos.--Martínez V., Luciano. Desarrollo Rural y Pueblos indígenas: aproximaciòn al caso ecuatoriano.--Oliveira Baptista, Fernando. O espaço e o rural.-- Bracagioli, Alberto. Agricultura familiar no Br...
Guardado en:
| 格式: | Texto |
|---|---|
| 出版: |
Madrid:
M.A.P.A.
|
| 标签: |
添加标签
没有标签, 成为第一个标记此记录!
|
MARC
| LEADER | 00000 a a2200000 04500 | ||
|---|---|---|---|
| 001 | 29473 | ||
| 003 | |||
| 040 | |||
| 090 | |a 148726 | ||
| 245 | |a Documentación | ||
| 260 | |a Madrid: |b M.A.P.A. | ||
| 300 | |a p. irreg.; vol. 3 | ||
| 520 | |a Contenido: Escalante, RobertoEl Mercado de tierras en mejico: el caso de la propiedad social, los ejidos.--Martínez V., Luciano. Desarrollo Rural y Pueblos indígenas: aproximaciòn al caso ecuatoriano.--Oliveira Baptista, Fernando. O espaço e o rural.-- Bracagioli, Alberto. Agricultura familiar no Brasil entre contrastes e impasses.-Veiga, José Eli. A face territorial do desenvolvimento.-IICA. FIFE. Estrategia para o meio rural.-Veiga, José Eli da. Pobreza rural, distribuicao da riqueza e crescimento: a experiencia brasileira.- Veiga, José Eli da. Desenvolvimento rural o brasil precisa de un projeto.-- Veiga, José Eli da. Biodeversity and economic dynamism.--Desarrollo rural len Navarra. Módulo 2: Procesos de desarrollorual y regional, el desarrollo endógeno.--Cerro Olmedo, Germán. La Experiencia de desarrollo rural en la comarca de Aliste, Tábara y Alba. Grupo de acción local ADATA (Zamora - Castilla y León).-Conde, Julio. Experiencia de desarrollo rural en el prepirineo occidental aragonés | ||
| 999 | |c 17237 |d 17237 | ||
